00867nas a2200229Ia 4500001001100000003000900011008004100020040001300061040001300074041001300087100004700100210001500147222001500162245007300177250001100250260002400261501008600285300001700371362002900388500017700417650004300594R137/B5078IT-RoPAU151124c99999999xx |||||||||||| ||und|| aIT-RoPAU cIT-RoPAU aITALIANO aSantucci UmbertogCodice Aut. SPICS: 1611 aMULTIMEDIA aMultimedia aMULTIMEDIA, ANNO 03-N.11/12 (1993)bProfessionista Multimediale (Il) a1a ed. aTORINObSONDAc1993 bPaulus - SPICS - Società San Paolo EM (non-commercial uses only)cCopyright2015 a7 p. [23-29] aANNO 003, N.11/12 (1993) aNatura del Professionista Multimediale e Sua Situazione Giuridica. Individuo e Gruppo. Campo Multimediale. Equipe Multimediale. Criteri di Valutazione. Etica Professionale. aCOMUNICAZIONEvPUBBLICAZIONE PERIODICA